| 000 | 01988nam0a2200361 i 4500 | ||
|---|---|---|---|
| 001 | RU\NLR\bibl\2064793 | ||
| 005 | 20260407215147.0 | ||
| 010 |
_a9785858277989 _9300 |
||
| 021 |
_aRU _b2013-56866 _93933 |
||
| 035 | _a(nilc)RuMoRGB-006610366 | ||
| 035 | _a(NLR Aleph) 002051348 | ||
| 090 |
_a4642937 _c4642937 |
||
| 100 | _a20131026d2013 u y0rusy50 ca | ||
| 101 | 0 | _arus | |
| 102 | _aRU | ||
| 105 | _ay zzzz||||| | ||
| 200 | 1 |
_aРусский язык и культура речи: подготовка к интернет-экзамену _eучебно-методическое пособие _fМ-во образования и науки РФ, Федер. гос. бюджет. образоват. учреждение высш. проф. образования "Вост.-Сиб. гос. акад. образования" _g[авт.-сост. Скобелкина Н. М., Пересада О. В.] |
|
| 210 |
_aИркутск _cВСГАО _d2013 _eИркутск _gРепроцентр А1 (ООО) |
||
| 215 |
_a148 с. _d21 |
||
| 320 | _aБиблиогр.: с. 138 | ||
| 606 | 1 |
_aРусский язык _jУчебно-методические пособия для высших учебных заведений _xКультура речи _91542537 _3RU\NLR\AUTH\66973867 |
|
| 606 | 1 |
_aРусский язык _xКультура речи _xЭкзамены _xВысшая школа _92164473 _3RU\NLR\AUTH\6601539335 |
|
| 686 | 1 | _aШ141.12-923-72 | |
| 686 | 1 | _aЧ486.131(2)5-285 | |
| 702 | 1 |
_aСкобелкина _bН. М. _gНаталья Михайловна _4220 |
|
| 712 | 0 | 2 |
_4570 _aВосточно-Сибирская государственная академия образования _cИркутск _3RU\NLR\AUTH\8810145075 _9784516 |
| 801 | 0 |
_aRU _bRuMoRKP _c20130722 _gRCR |
|
| 801 | 2 |
_aRU _bРГБ _c20130724 |
|
| 801 | 1 |
_aRU _bRuMoRKP _c20130722 _2rusmarc |
|
| 801 | 2 |
_aRU _bNLR _c20130821 _grcr |
|
| 942 | _cBOOK | ||
| 980 | _aNBR | ||